LIBRARY & INFORMATION CENTRE, KCAET, TAVANUR

ONLINE PUBLIC ACCESS CATALOGUE (OPAC)

Crop loan system / (Record no. 11438)

MARC details
000 -LEADER
fixed length control field 00484cam a2200193ua 4500
041 ## - LANGUAGE CODE
Language code of text/sound track or separate title eng
082 ## - DEWEY DECIMAL CLASSIFICATION NUMBER
Classification number 332.71
Item number CHA/CR
100 ## - MAIN ENTRY--AUTHOR NAME
Personal name Chowdhary, T P S .
245 ## - TITLE STATEMENT
Title Crop loan system /
250 ## - EDITION STATEMENT
Edition statement 1 /
260 ## - PUBLICATION, DISTRIBUTION, ETC. (IMPRINT)
Place of publication Hyderabad :
Name of publisher National Institute of Community Development ,
Year of publication 1970.
300 ## - PHYSICAL DESCRIPTION
Number of Pages 101 ; .
700 1# - ADDED ENTRY--PERSONAL NAME
Personal name Sharma, J N .
942 ## - ADDED ENTRY ELEMENTS (KOHA)
Koha item type Books
Holdings
Withdrawn status Lost status Damaged status Home library Current library Date acquired Full call number Accession Number Koha item type
      KAUAET KAUAET 07/04/2012 332.71 18070 Books
free website counter